Technologies for near-zero-emission gasoline-powered vehicles / (Record no. 33007)
[ view plain ]
| 000 -LEADER | |
|---|---|
| fixed length control field | 01177cam a22003254a 4500 |
| 001 - CONTROL NUMBER | |
| control field | 14288965 |
| 003 - CONTROL NUMBER IDENTIFIER | |
| control field | OSt |
| 005 - DATE AND TIME OF LATEST TRANSACTION | |
| control field | 20211111121836.0 |
| 008 - FIXED-LENGTH DATA ELEMENTS--GENERAL INFORMATION | |
| fixed length control field | 060306s2007 paua b 001 0 eng |
| 010 ## - LIBRARY OF CONGRESS CONTROL NUMBER | |
| LC control number | 2006040905 |
| 020 ## - INTERNATIONAL STANDARD BOOK NUMBER | |
| International Standard Book Number | 9780768014617 |
| 035 ## - SYSTEM CONTROL NUMBER | |
| System control number | (OCoLC)ocm64625018 |
| 035 ## - SYSTEM CONTROL NUMBER | |
| System control number | (OCoLC)64625018 |
| 038 ## - RECORD CONTENT LICENSOR | |
| Staff Name | Khadija |
| 040 ## - CATALOGING SOURCE | |
| Original cataloging agency | DLC |
| Transcribing agency | DLC |
| Modifying agency | YDX |
| -- | OCLCQ |
| -- | BTCTA |
| -- | YDXCP |
| -- | DLC |
| 042 ## - AUTHENTICATION CODE | |
| Authentication code | pcc |
| 050 00 - LIBRARY OF CONGRESS CALL NUMBER | |
| Classification number | TL210 |
| Item number | .Z454 2007 |
| 082 00 - DEWEY DECIMAL CLASSIFICATION NUMBER | |
| Classification number | 629.2504 |
| Edition number | 22 |
| Author Mark | ZAR |
| 100 1# - MAIN ENTRY--PERSONAL NAME | |
| Personal name | Zhao, Fuquan. |
| 9 (RLIN) | 83879 |
| 245 10 - TITLE STATEMENT | |
| Title | Technologies for near-zero-emission gasoline-powered vehicles / |
| Statement of responsibility, etc. | Fuquan (Frank) Zhao. |
| 260 ## - PUBLICATION, DISTRIBUTION, ETC. | |
| Place of publication, distribution, etc. | Warrendale, PA : |
| Name of publisher, distributor, etc. | SAE International, |
| Date of publication, distribution, etc. | c2007. |
| 300 ## - PHYSICAL DESCRIPTION | |
| Extent | xvi, 464 p. : |
| Other physical details | ill. ; |
| Dimensions | 24 cm. |
| 504 ## - BIBLIOGRAPHY, ETC. NOTE | |
| Bibliography, etc. note | Includes bibliographical references and index. |
| 563 ## - BINDING INFORMATION | |
| Binding note | Hardcover |
| 650 #0 - SUBJECT ADDED ENTRY--TOPICAL TERM | |
| Topical term or geographic name entry element | Automobiles |
| General subdivision | Motors |
| -- | Technological innovations. |
| 9 (RLIN) | 83911 |
| 650 #0 - SUBJECT ADDED ENTRY--TOPICAL TERM | |
| Topical term or geographic name entry element | Spark ignition engines |
| General subdivision | Technological innovations. |
| 9 (RLIN) | 83912 |
| 906 ## - LOCAL DATA ELEMENT F, LDF (RLIN) | |
| a | 7 |
| b | cbc |
| c | orignew |
| d | 1 |
| e | ocip |
| f | 20 |
| g | y-gencatlg |
| 942 ## - ADDED ENTRY ELEMENTS (KOHA) | |
| Source of classification or shelving scheme | |
| Koha item type | Book |
| Withdrawn status | Lost status | Source of classification or shelving scheme | Damaged status | Not for loan | Permanent Location | Current Location | Shelving location | Date acquired | Full call number | Barcode | Date last seen | Price effective from | Koha item type |
|---|---|---|---|---|---|---|---|---|---|---|---|---|---|
| School of Mechanical & Manufacturing Engineering (SMME) | School of Mechanical & Manufacturing Engineering (SMME) | General Stacks | 12/17/2015 | 629.2504 ZAR | SMME-2029 | 04/03/2018 | 12/17/2015 | Book |
